MARC details
| 000 -CABECERA |
| campo de control de longitud fija |
01134nam a22002537a 4500 |
| 003 - IDENTIFICADOR DEL NÚMERO DE CONTROL |
| campo de control |
DO-SdBNP |
| 005 - FECHA Y HORA DE LA ÚLTIMA TRANSACCIÓN |
| campo de control |
20220120143658.0 |
| 007 - CAMPO FIJO DE DESCRIPCIÓN FÍSICA--INFORMACIÓN GENERAL |
| campo de control de longitud fija |
ta |
| 008 - DATOS DE LONGITUD FIJA--INFORMACIÓN GENERAL |
| campo de control de longitud fija |
220120b2017 aa||g |||| 001 0 spa d |
| 040 ## - FUENTE DE LA CATALOGACIÓN |
| Centro catalogador/agencia de origen |
DO-SdBNP |
| Lengua de catalogación |
spa |
| Centro/agencia transcriptor |
BNPHU |
| 082 4# - NÚMERO DE LA CLASIFICACIÓN DECIMAL DEWEY |
| Número de edición |
22 |
| Número de clasificación |
021.7 |
| Número de documento/Ítem |
F356r |
| 111 10 - ENTRADA PRINCIPAL--NOMBRE DE CONGRESO/REUNIÓN |
| Nombre de congreso/reunión o jurisdicción como elemento de entrada |
Feria Internacional del Libro Santo Domingo |
| Sede del congreso/Lugar de la reunión |
(Santo Domingo, Rep. Dom. |
| Fecha del congreso/reunión |
20016 : 19 septiembre - 02 octubre) |
| Número del congreso/reunión o número de parte o sección |
(19ª : |
| 9 (RLIN) |
80993 |
| 245 10 - MENCIÓN DE TÍTULO |
| Título |
XIX Feria Internacional del Libro Santo Domingo 2016 : |
| Resto del título |
Programa ; Tema: La diaspora dominicana / |
| 260 ## - PUBLICACIÓN, DISTRIBUCIÓN, ETC. |
| Lugar de publicación, distribución, etc. |
Santo Domingo : |
| Nombre del editor, distribuidor, etc. |
Ministerio de Cultura |
| -- |
Dirección General de la Feria del Libro, |
| Fecha de publicación, distribución, etc. |
2016. |
| 300 ## - DESCRIPCIÓN FÍSICA |
| Extensión |
210 p. : |
| Otras características físicas |
il. ; retrs. ; |
| Dimensiones |
21 cm |
| 500 ## - NOTA GENERAL |
| Nota general |
Dedicada a Salomé Ureña de Henríquez. |
| 501 ## - NOTA DE "CON" |
| Nota de “Con” |
País invitado de honor : República Dominicana. |
| 590 ## - NOTA LOCAL (RLIN) |
| Nota local |
Inventariado, 2022 / SA |
| 611 ## - PUNTO DE ACCESO ADICIONAL DE MATERIA--NOMBRE DE REUNIÓN/CONGRESO |
| Nombre de congreso/reunión o jurisdicción como elemento de entrada |
Feria internacional del Libro |
| Sede del congreso/Lugar de la reunión |
(19 : |
| Fecha del congreso/reunión |
2016 |
| Subdivisión general |
Programas |
| Subdivisión cronológica |
2016 |
| Subdivisión geográfica |
Santo Domingo, República Dominicana |
| 9 (RLIN) |
80994 |
| 650 4# - PUNTO DE ACCESO ADICIONAL DE MATERIA--TÉRMINO DE MATERIA |
| Término de materia o nombre geográfico como elemento de entrada |
Feria del libro |
| Subdivisión cronológica |
2016 |
| Subdivisión geográfica |
República Dominicana |
| 9 (RLIN) |
80995 |
| 650 4# - PUNTO DE ACCESO ADICIONAL DE MATERIA--TÉRMINO DE MATERIA |
| Término de materia o nombre geográfico como elemento de entrada |
Feria del libro |
| Subdivisión general |
Programas |
| Subdivisión cronológica |
2016 |
| Subdivisión geográfica |
República Dominicana |
| 9 (RLIN) |
80996 |
| 910 ## - DATOS DE OPCIÓN DEL USUARIO (OCLC) |
| Datos de opción del usuario |
Saquino |
| 942 ## - ELEMENTOS DE PUNTO DE ACCESO ADICIONAL (KOHA) |
| Fuente del sistema de clasificación o colocación |
Dewey Decimal Classification |
| Tipo de ítem Koha |
Libro |